00456cam a22001217a 4500008004000000082002800040100002500068245010300093260004800196300001000244440006000254650002000314180718b2005 xxu||||| |||| 00| 0 eng d aA81x54 01/9/PT12A&B/SIR aCensus of India 2001 aRajasthan district census handbook, Sirohi: village and town directory and primary census abstract aDelhibThe Controller of Publicationsc2005 a381p. aCensus of India 2001. Series-9, Rajasthan. Part 12- A&B aSirohi - Census